| 000 | 01930nam0a2200337 4500 | ||
|---|---|---|---|
| 001 | RU\NLR\BIBL_A\022585692 | ||
| 005 | 20260420050851.0 | ||
| 010 |
_a978-5-9652-1056-5 _925 |
||
| 021 |
_aRU _bКН-П-25-030196 _9КН-П-25-2981 |
||
| 035 | _a(NLR Aleph) 022585692 | ||
| 090 |
_a13678155 _c13678155 |
||
| 100 | _a20250716d2025 u y0rusy50 ca | ||
| 101 | 0 | _arus | |
| 102 | _aRU | ||
| 105 | _aa j 000yy | ||
| 181 | 0 |
_ai3 _baxxe |
|
| 182 | 0 | _an | |
| 200 | 1 |
_aНесъемная дуговая аппаратура. Прописи брекетов и размеры металлических дуг _eучебное пособие по программам ординатуры по специальности 31.08.77 "Ортодонтия" _eД. С. Дмитриенко, В. Т. Ягупова, Т. Д. Дмитриенко _fФедеральное государственное бюджетное образовательное учреждение высшего образования "Волгоградский государственный медицинский университет" Министерства здравоохранения Российской Федерации |
|
| 203 |
_aТекст _bвизуальный _cнепосредственный |
||
| 210 |
_aВолгоград _cВолгГМУ _d2025 |
||
| 215 |
_a110 с. _cил. _d20 |
||
| 320 | _aБиблиогр.: с. 96-110 (118 назв.) | ||
| 606 | 1 |
_aБрекет-системы _jУчебные издания _92410013 _3RU\NLR\AUTH\6601655170 |
|
| 686 | 1 | _aР668.5с5я77 | |
| 700 | 1 |
_aДмитриенко _bД. С. _gДмитрий Сергеевич |
|
| 701 | 1 |
_aЯгупова _bВ. Т. _gВиолета Телмановна |
|
| 701 | 1 |
_aДмитриенко _bТ. Д. _gТатьяна Дмитриевна |
|
| 942 | _cBOOK | ||
| 980 | _aNB | ||